Central Library OPAC University of Rajshahi

Agricultural extension : impact and assessment / (Record no. 74390)

MARC details
000 -LEADER
fixed length control field 00768nam a2200253 a 4500
001 - CONTROL NUMBER
control field 74390
003 - CONTROL NUMBER IDENTIFIER
rucl marc code BD-RjUL
005 - DATE AND TIME OF LATEST TRANSACTION
control field 20211209082539.0
008 - FIXED-LENGTH DATA ELEMENTS--GENERAL INFORMATION
fixed length control field 180813r20061999ii ||||| |||| 00| 0 eng d
020 ## - INTERNATIONAL STANDARD BOOK NUMBER
International Standard Book Number 8177540394:
Terms of availability Tk.624.00
International Standard Book Number 9788177540390
035 ## - SYSTEM CONTROL NUMBER
System control number (BD-RjUL)74608
040 ## - CATALOGING SOURCE
Original cataloging agency BD-RjUL
Language of cataloging eng
Transcribing agency BD-RjUL
041 ## - LANGUAGE CODE
Language code of text/sound track or separate title eng
082 ## - DEWEY DECIMAL CLASSIFICATION NUMBER
Classification number 630.7150954
Author mark and year SIA 2006
100 1# - MAIN ENTRY--PERSONAL NAME
Personal name Singh, A. K.
9 (RLIN) 222283
245 10 - TITLE STATEMENT
Title Agricultural extension : impact and assessment /
Statement of responsibility, etc. A. K. Singh,
260 ## - PUBLICATION, DISTRIBUTION, ETC. (IMPRINT)
Place of publication, distribution, etc. Jodhpur ; India :
Name of publisher, distributor, etc. Agrobios,
Date of publication, distribution, etc. 2006
300 ## - PHYSICAL DESCRIPTION
Pagination 266 pages ;
Size 22 cm
650 ## - SUBJECT ADDED ENTRY--TOPICAL TERM
Topical term or geographic name as entry element Rural extension
Geographic subdivision India.
9 (RLIN) 222284
Topical term or geographic name as entry element Agricultural education
Geographic subdivision India.
9 (RLIN) 222285
Topical term or geographic name as entry element Agricultural extension work
Geographic subdivision India.
9 (RLIN) 222286
942 ## - ADDED ENTRY ELEMENTS (KOHA)
Source of classification or shelving scheme Dewey Decimal Classification
Koha item type Books
Holdings
Lost status Source of classification or shelving scheme Damaged status Not for loan Collection code Permanent Location Current Location Shelving location Date acquired Source of acquisition Cost, normal purchase price Total Checkouts Full call number Date last seen Copy number Koha item type
  Dewey Decimal Classification   Not For Loan Non-fiction Central Library, University of Rajshahi Central Library, University of Rajshahi Reading Room 19/07/2018 Dhaka : Paragon Interprisees 624.00   630.7150954 SIA 2006 13/08/2018 C-1 Books